|
|
|
|
| LEADER |
00000nam a22000007a 4500 |
| 005 |
20210203232253.0 |
| 007 |
cr|||| |||| |
| 008 |
210203s2020 es |||||s|||| 00||0 spa d |
| 020 |
|
|
|a 978-84-1377-246-2
|
| 035 |
|
|
|a 32962
|
| 040 |
|
|
|a vLex
|
| 090 |
|
|
|c 11082
|d 11082
|
| 100 |
1 |
|
|a Cruz Zį︢ga, Pilar
|
| 245 |
1 |
0 |
|a Poderes constituyentes, alteridad y derechos humanos
|h [Recurso electrn̤ico] :
|b Miradas crt̕icas a partir de lo instituyente, lo comn︢ y los pueblos indg̕enas /
|c Pilar Cruz Zį︢ga, David Sǹchez Rubio
|
| 256 |
|
|
|a Servicio en ln̕ea
|
| 260 |
|
|
|a Madrid:
|b Dykinson,
|c 2020
|
| 300 |
|
|
|a 1 recurso electrn̤ico
|
| 500 |
|
|
|a En este libro se cuestionan los conceptos de poder constituyente, los derechos humanos, el delito de genocidio de los pueblos indg̕enas, el constitucionalismo de los Estados de derecho y lo comn︢. Se hace desde miradas y perspectivas que recuperan otros horizontes y otros significados muy diferentes a lo establecido por la cultura jurd̕ica y polt̕ica oficial. Se rebelan contra posiciones e imaginarios cuyo principal objetivo es establecer e imponer una visin̤ hegemn̤ica y homogňea de lo humano, que en el fondo es excluyente y no incluyente e inculca una cultura dormida, conformista, resignada e indolente en relacin̤ a la lucha por la justicia social. El comn︢ denominador de todos los trabajos se sintetiza en dos planos: 1) se basan en perspectivas crt̕icas que tienen una fuerte influencia del pensamiento de liberacin̤ latinoamericano y del pensamiento de-colonial. Tratan de descentrar el eurocentrismo y el occidentalismo dominante, recuperando tradiciones que luchan por procesos que permitan la emancipacin̤ y la liberacin̤ incluyente, instituyente y contra-opresiva con las que se posibilite a todo ser humano una vida digna de ser vivida; 2) todos los enfoques apuestan por reivindicar y recuperar la riqueza de lo humano que se expresa en su pluralidad, su diversidad y en un profundo carc̀ter multicultural. La fuente principal es el poder popular del bloque social de los oprimidos. Lo intercultural se estructura sobre el reconocimiento de sociabilidades horizontales que rechazan cualquier tipo de odios y fundamentalismos y que caminan desde experiencias no discriminatorias, abiertas a la alteridad, no coloniales, no excluyentes y articuladas por medio de la fraternidad, la ťica colaborativa y los reconocimientos mutuos.
|
| 506 |
1 |
|
|a Disponible solo en los productos indicados
|d vLex Global
|d vLex Global (Academic Edition, excluding Law Schools)
|d vLex Global (U.S. Academic Edition, Law Schools)
|d vLex Global (U.S. Academic Edition, excluding Law Schools)
|d vLex Global (Academic Edition, Law Schools)
|
| 650 |
0 |
4 |
|a Derecho Militar
|z Espaą
|
| 700 |
1 |
|
|a Sǹchez Rubio, David
|
| 740 |
0 |
|
|a vLex Libros (Servicio en ln̕ea)
|
| 856 |
4 |
0 |
|u http://vlex.com/source/poderes-constituyentes-alteridad-y-derechos-humanos-miradas-criticas-a-partir-de-lo-instituyente-lo-comun-y-los-pueblos-indigenas-32962
|z Acceso restringido
|
| 942 |
|
|
|c BOOK
|
| 999 |
0 |
|
|a Military Law
|